| 000 -LEADER |
| fixed length control field |
00483cam a2200157 i 4500 |
| 020 ## - INTERNATIONAL STANDARD BOOK NUMBER |
| ISBN |
9789924907817 |
| 040 ## - CATALOGING SOURCE |
| Transcribing agency |
DLC |
| 082 ## - DEWEY DECIMAL CLASSIFICATION NUMBER |
| Classification number |
333 DOC 2016 A117 Or. |
| 100 1# - MAIN ENTRY--AUTHOR NAME |
| Personal name |
Dearing, Christopher, |
| 245 12 - TITLE STATEMENT |
| Title |
A history of the Anlong Veng community : |
| Remainder of title |
the final stronghold of the Khmer Rouge movement : guidebook for tour guides / |
| 300 ## - PHYSICAL DESCRIPTION |
| Number of Pages |
116 pages ; |
| Dimensions |
28 cm |
| 700 1# - ADDED ENTRY--PERSONAL NAME |
| Personal name |
Ly, Sok-Kheang, |
| 710 1# - ADDED ENTRY--CORPORATE NAME |
| Corporate name or jurisdiction name as entry element |
Cambodia. |
| 710 2# - ADDED ENTRY--CORPORATE NAME |
| Corporate name or jurisdiction name as entry element |
Documentation Center of Cambodia, |
| 942 ## - ADDED ENTRY ELEMENTS (KOHA) |
| Koha item type |
ADB |
| 952 ## - LOCATION AND ITEM INFORMATION (KOHA) |
| Withdrawn status [LOCAL, KOHA] |
0 |